00621nam a2200181Ia 450000500170000000800410001701700440005802000150010204000160011708200240013310000340015724501110019125000090030226000530031130000350036465000300039965100100042920240530110812.0140319s2008 au a b 000 0 ara d a2007/22826bمصر . دار الكتب  a9772325993 aGCL / cGCL04221a751.73 /bب ف0 aبركات سعيد محمد 12aالفن الجدارى :bالخامة . الغرض . الموضوعات /cبركات سعيد محمد  aط.1 aالقاهرة : bعالم الكتب،c2008 . a128ص. :bايض. ؛c24 سم.07aالجداريات2qrmak 2qrmak